Mga talinghagang Filipino-English : (Record no. 1667)
[ view plain ]
| 000 -LEADER | |
|---|---|
| fixed length control field | 00557nam a22001937a 4500 |
| 003 - CONTROL NUMBER IDENTIFIER | |
| control field | OSt |
| 005 - DATE AND TIME OF LATEST TRANSACTION | |
| control field | 20140310181713.0 |
| 008 - FIXED-LENGTH DATA ELEMENTS--GENERAL INFORMATION | |
| fixed length control field | 121212t xxu||||| |||| 00| 0 eng d |
| 020 ## - INTERNATIONAL STANDARD BOOK NUMBER | |
| International Standard Book Number | 9712718557 |
| 050 ## - LIBRARY OF CONGRESS CALL NUMBER | |
| Classification number | PN 6519 |
| Item number | C154 2007 |
| 082 ## - DEWEY DECIMAL CLASSIFICATION NUMBER | |
| Classification number | FIL 808 |
| Item number | C12 2007 |
| 100 ## - MAIN ENTRY--PERSONAL NAME | |
| Personal name | Calixihan, Jovito O. |
| 245 ## - TITLE STATEMENT | |
| Title | Mga talinghagang Filipino-English : |
| Remainder of title | (Filipino-English figures of speech) / |
| Statement of responsibility, etc | Jovito O. Calixihan. |
| 260 ## - PUBLICATION, DISTRIBUTION, ETC. (IMPRINT) | |
| Place of publication, distribution, etc | Pasig City : |
| Name of publisher, distributor, etc | Anvil, |
| Date of publication, distribution, etc | 2007. |
| 300 ## - PHYSICAL DESCRIPTION | |
| Extent | 153 p. : |
| Dimensions | 21 cm. |
| 650 ## - SUBJECT ADDED ENTRY--TOPICAL TERM | |
| Topical term or geographic name as entry element | Speech |
| General subdivision | Figures |
| 942 ## - ADDED ENTRY ELEMENTS (KOHA) | |
| Source of classification or shelving scheme | Library of Congress Classification |
| Koha item type | Books |
| Withdrawn status | Lost status | Source of classification or shelving scheme | Damaged status | Home library | Current library | Shelving location | Date acquired | Total Checkouts | Full call number | Barcode | Date last seen | Copy number | Price effective from | Koha item type |
|---|---|---|---|---|---|---|---|---|---|---|---|---|---|---|
| Library of Congress Classification | Luxembourg Library | Luxembourg Library | Filipiniana Section | 12/12/2012 | PN 6519 .C154 2007 | 18521 | 08/12/2015 | 1 | 10/03/2013 | Books |